| 000 | 00817cam a2200253 a 4500 | ||
|---|---|---|---|
| 001 | BD-DhSAU 1349 | ||
| 003 | BD-DhSAU | ||
| 005 | 20170612121811.0 | ||
| 008 | 991007s2004 ii a b 001 0 eng | ||
| 020 | _a8123911246 | ||
| 040 | _aBD-DhSAU | ||
| 082 |
_222 _a632.9501 _bP24 |
||
| 100 | _aParmar, Balraj S. | ||
| 245 | 0 | 0 |
_aPesticide formulation : _bTheory and practice / _cBalraj S. Parmar and Sarman S. Tomar |
| 260 |
_aNew Delhi : _bCBS Publishers ; _cc2004. |
||
| 300 |
_axvii, 414 p. : _bill. ; _c24 cm. |
||
| 500 | _a"United Nations Indutrial Development Organisation, Vienna." | ||
| 504 | _aIncludes bibliographical references and index. | ||
| 590 | _aIMRAN | ||
| 650 | 0 |
_aPesticides _zDeveloping countries _xFormulation. |
|
| 650 | 0 | _aEntomology | |
| 700 | 1 | _a Tomar, Sarman S. | |
| 942 |
_2ddc _cBOOK |
||
| 999 |
_c1349 _d1349 |
||